00533nam a2200193 a 4500001001300000003000900013005001700022008004100039020002300080082001700103100002200120245006300142260004200205300000900247500003500256505001000291650001600301700002200317nice12345678IN_TiNIC20260116012735.0050524s1992 dela grp 000 0 eng  a8170244 c25000a303.623bNAR aNarayan, Jitendra aCommunal Riots in Indiab a Case Study of an Indian State. aDelhibAshish Publishing House c1992 a246p aincludes index and biblioraphy2 aIndex aRiots-India1 aNarayan, Jitendra